Ako zrušiť dopravné zápchy
Slovenské cesty začínajú byť viac ako preplnené. Najmä mestá sú často neprejazdné. Dopravné kolapsy. Ekologická záťaž. IT riešenia pre dopravu. IT technológie. Optimalizácia a bezpečnosť dopravy. Bdelé systémy. Inteligentné autá.
Salvato in:
| Autore principale: | |
|---|---|
| Natura: | Capitolo di libro |
| Lingua: | slovacco |
| Soggetti: | |
| Tags: |
Nessun Tag, puoi essere il primo ad aggiungerne!!
|
MARC
| LEADER | 00000naa$a2200000$$$4500 | ||
|---|---|---|---|
| 001 | 0088107 | ||
| 005 | 20231009111019.1 | ||
| 041 | 0 | |a slo | |
| 044 | |a SK | ||
| 245 | 1 | 0 | |a Ako zrušiť dopravné zápchy |c Jozef Hübel |
| 520 | |a Slovenské cesty začínajú byť viac ako preplnené. Najmä mestá sú často neprejazdné. Dopravné kolapsy. Ekologická záťaž. IT riešenia pre dopravu. IT technológie. Optimalizácia a bezpečnosť dopravy. Bdelé systémy. Inteligentné autá. | ||
| 610 | 2 | 0 | |a doprava |
| 610 | 2 | 0 | |a bezpečnosť dopravy |
| 610 | 2 | 0 | |a informácie |
| 610 | 2 | 0 | |a technológie informačné |
| 610 | 2 | 0 | |a ekológia |
| 100 | 1 | |a Hübel, Jozef | |